[Event "Stay Safe Play From Home 219"]
[Site "T#646719Emanuel Laske"]
[Date "2020.06.11"]
[Round "8"]
[White "Fingerfehler1"]
[Black "Edmatuag"]
[Result "0-1"]
[WhiteElo "1655"]
[BlackElo "1634"]
[Annotator "NA RC"]
[PlyCount "106"]
[EventDate "2020.06.11"]
[EventType "swiss (blitz)"]

1. e4 {[%emt 0:00:03]} f6 {[%emt 0:00:04]} 2. f4 {[%emt 0:00:02]} c5 {[%emt 0:00:01]} 3. Nf3 {[%emt 0:00:01]} Nc6 {[%emt 0:00:01]} 4. e5 {[%emt 0:00:02]} g6 {[%emt 0:00:02]} 5. Bc4 {[%emt 0:00:04]} Bg7 {[%emt 0:00:02]} 6. Bxg8 {[%emt 0:00:23]} Rxg8 {[%emt 0:00:02]} 7. O-O {[%emt 0:00:02]} d5 {[%emt 0:00:04]} 8. exd6 {[%emt 0:00:08]} Qxd6 {[%emt 0:00:01]} 9. Nc3 {[%emt 0:00:04]} Bg4 {[%emt 0:00:06]} 10. Nb5 {[%emt 0:00:04]} Qd7 {[%emt 0:00:07]} 11. d4 {[%emt 0:00:02]} O-O-O {[%emt 0:00:05]} 12. c3 {[%emt 0:00:13]} a6 {[%emt 0:00:03]} 13. Na3 {[%emt 0:00:06]} cxd4 {[%emt 0:00:01]} 14. cxd4 {[%emt 0:00:07]} Nxd4 {[%emt 0:00:04]} 15. Be3 {[%emt 0:00:09]} Nxf3+ {[%emt 0:00:02]} 16. gxf3 {[%emt 0:00:02]} Qxd1 {[%emt 0:00:03]} 17. Rfxd1 {[%emt 0:00:03]} Rxd1+ {[%emt 0:00:00]} 18. Rxd1 {[%emt 0:00:02]} Bxf3 {[%emt 0:00:01]} 19. Rc1+ {[%emt 0:00:05]} Bc6 {[%emt 0:00:02]} 20. b4 {[%emt 0:00:02]} Kb8 {[%emt 0:00:05]} 21. Nc4 {[%emt 0:00:02]} Rd8 {[%emt 0:00:09]} 22. Nb6 {[%emt 0:00:05]} e5 {[%emt 0:00:05]} 23. fxe5 {[%emt 0:00:02]} fxe5 {[%emt 0:00:02]} 24. a4 {[%emt 0:00:02]} e4 {[%emt 0:00:05]} 25. Kf1 {[%emt 0:00:08]} Bd4 {[%emt 0:00:15]} 26. Ke2 {[%emt 0:00:07]} Bxe3 {[%emt 0:00:07]} 27. Kxe3 {[%emt 0:00:00]} Rd3+ {[%emt 0:00:01]} 28. Kf4 {[%emt 0:00:02]} Rf3+ {[%emt 0:00:02]} 29. Kg4 {[%emt 0:00:02]} e3 {[%emt 0:00:03]} 30. Re1 {[%emt 0:00:03]} h5+ {[%emt 0:00:03]} 31. Kg5 {[%emt 0:00:02]} Rf2 {[%emt 0:00:06]} 32. h4 {[%emt 0:00:02]} e2 {[%emt 0:00:02]} 33. Nc4 {[%emt 0:00:09]} Bxa4 {[%emt 0:00:03]} 34. Kxg6 {[%emt 0:00:04]} Bb5 {[%emt 0:00:02]} 35. Nd2 {[%emt 0:00:02]} Rf1 {[%emt 0:00:03]} 36. Nxf1 {[%emt 0:00:08]} exf1=Q {[%emt 0:00:01]} 37. Rxf1 {[%emt 0:00:00]} Bxf1 {[%emt 0:00:01]} 38. Kxh5 {[%emt 0:00:00]} b6 {[%emt 0:00:01]} 39. Kg5 {[%emt 0:00:01]} a5 {[%emt 0:00:01]} 40. h5 {[%emt 0:00:01]} a4 {[%emt 0:00:03]} 41. h6 {[%emt 0:00:01]} Bd3 {[%emt 0:00:01]} 42. Kf4 {[%emt 0:00:03]} a3 {[%emt 0:00:02]} 43. Ke3 {[%emt 0:00:01]} a2 {[%emt 0:00:07]} 44. Kxd3 {[%emt 0:00:01]} a1=Q {[%emt 0:00:01]} 45. Kc4 {[%emt 0:00:01]} Qf6 {[%emt 0:00:03]} 46. h7 {[%emt 0:00:02]} Qh8 {[%emt 0:00:02]} 47. Kb5 {[%emt 0:00:02]} Kb7 {[%emt 0:00:00]} 48. Ka4 {[%emt 0:00:02]} Qxh7 {[%emt 0:00:00]} 49. b5 {[%emt 0:00:01]} Qh5 {[%emt 0:00:00]} 50. Kb4 {[%emt 0:00:01]} Kc7 {[%emt 0:00:00]} 51. Kc4 {[%emt 0:00:01]} Kd6 {[%emt 0:00:00]} 52. Kd3 {[%emt 0:00:01]} Qd5+ {[%emt 0:00:00]} 53. Kc3 {[%emt 0:00:01]} Kc5 {[%emt 0:00:00] Zeit (Lag: Av=0.59s, max=1.1s)} 0-1

[Event "Stay Safe Play From Home 219"]
[Site "T#646719Emanuel Laske"]
[Date "2020.06.11"]
[Round "9"]
[White "Little champs"]
[Black "matanant"]
[Result "1-0"]
[WhiteElo "2125"]
[BlackElo "1822"]
[Annotator "TA"]
[PlyCount "69"]
[EventDate "2020.06.11"]
[EventType "swiss (blitz)"]

{[%evp 9,69,38,32,29,31,26,42,37,43,36,60,65,72,18,26,-5,0,-32,52,46,53,43,25,-38,-35,-113,-114,-125,-121,-131,0,-116,-116,-122,-87,-83,-62,-145,-125,-220,-62,-64,-50,-77,-79,-68,-62,-71,-33,-39,-33,-45,-39,-372,-366,-305,-299,-487,-479,-456,-442,-399]} 1. d4 d5 2. e3 e6 3. Nf3 Nf6 4. Be2 Ne4 5. O-O f5 6. c4 {D05: Colle System with ...e6.} c6 7. Nc3 Bb4 8. Nxe4 {White is slightly better.} fxe4 {[#]} 9. Ne5 $146 ({Predecessor:} 9. Nd2 O-O 10. f3 Bxd2 11. Bxd2 exf3 12. Bxf3 dxc4 13. Qc2 b5 14. a4 Ba6 15. Qe4 {1-0 (31) Gonzalez Gonzalez,A-Fernandez Velasco,C Sama de Langreo 2000}) 9... O-O 10. f3 exf3 11. Bxf3 (11. Nxf3 $16 Nd7 12. Bd3) 11... Bd6 12. cxd5 exd5 13. Bd2 Bf5 ({Black should try} 13... Nd7 $15) 14. Qb3 Bxe5 15. dxe5 Qb6 $1 16. Qc3 (16. Bb4 $11 Rf7 17. Qc3) 16... Nd7 $15 17. Kh1 (17. Rf2 $15) 17... Rae8 $17 18. a4 Nxe5 19. Be2 Bg4 ({Black should play} 19... Qd8 $17 20. Rf2 Rf6) 20. a5 (20. Rxf8+ $11 Rxf8 21. Qxe5 Bxe2 22. Bc3) 20... Qc7 21. Bd3 Nxd3 22. Qxd3 Qe5 23. a6 (23. Rxf8+ $15 Rxf8 24. Bc3) 23... b6 24. Qc2 (24. Rxf8+ $17 Rxf8 25. Bc3) 24... Bf5 $2 ({Better is} 24... c5 $19 {Hoping for ...Be2.} 25. Qb3 Be2) 25. Qxc6 $15 Be4 26. Qb5 {[#]} Qg5 $1 $40 {[%csl Ge4][%cal Rg5g2][%mdl 640] Black has strong attack.} 27. Qe2 Rc8 28. Bc3 Rf5 29. Rxf5 Qxf5 30. Rf1 Qg6 {Strongly threatening ...Bd3.} 31. Kg1 $2 {[%mdl 8192] White does not recover from this.} (31. Rf2 $15) 31... Bd3 $19 {[%mdl 64] [#] Skewer} 32. Qf3 Bxf1 33. Qxd5+ $2 (33. Qxf1 Qe4 34. Bd4) 33... Kh8 {White must now prevent ...Rf8.} 34. Kxf1 Rf8+ 35. Ke2 {[%mdl 32768] Accuracy: White = 49%, Black = 68%. . Sensor Board Error (Ke4/e5)?} 1-0

[Event "Stay Safe Play From Home 219"]
[Site "T#646719Emanuel Laske"]
[Date "2020.06.11"]
[Round "9"]
[White "Don59as"]
[Black "Haxhi Baha"]
[Result "1-0"]
[WhiteElo "1992"]
[BlackElo "1956"]
[Annotator "NA RC"]
[PlyCount "71"]
[EventDate "2020.06.11"]
[EventType "swiss (blitz)"]

1. c4 {[%emt 0:00:02]} e5 {[%emt 0:00:03]} 2. Nc3 {[%emt 0:00:01]} Nc6 {[%emt 0:00:01]} 3. g3 {[%emt 0:00:02]} Bc5 {[%emt 0:00:01]} 4. Bg2 {[%emt 0:00:01]} d6 {[%emt 0:00:00]} 5. e3 {[%emt 0:00:01]} Nf6 {[%emt 0:00:01]} 6. Nge2 {[%emt 0:00:01]} Bf5 {[%emt 0:00:02]} 7. d4 {[%emt 0:00:03]} Bb6 {[%emt 0:00:04]} 8. O-O {[%emt 0:00:01]} Qd7 {[%emt 0:00:01]} 9. Nd5 {[%emt 0:00:01]} Bh3 {[%emt 0:00:05]} 10. Nxf6+ {[%emt 0:00:04]} gxf6 {[%emt 0:00:00]} 11. d5 {[%emt 0:00:04]} Ne7 {[%emt 0:00:02]} 12. b3 {[%emt 0:00:05]} h5 {[%emt 0:00:01]} 13. f4 {[%emt 0:00:06]} h4 {[%emt 0:00:05]} 14. fxe5 {[%emt 0:00:08]} Bxg2 {[%emt 0:00:05]} 15. Kxg2 {[%emt 0:00:02]} hxg3 {[%emt 0:00:00]} 16. hxg3 {[%emt 0:00:13]} Qh3+ {[%emt 0:00:02]} 17. Kf2 {[%emt 0:00:07]} Nf5 {[%emt 0:00:15]} 18. exf6 {[%emt 0:00:14]} O-O-O {[%emt 0:00:07]} 19. Ke1 {[%emt 0:00:15]} Nxg3 {[%emt 0:00:19]} 20. Nxg3 {[%emt 0:00:07]} Qxg3+ {[%emt 0:00:00]} 21. Kd2 {[%emt 0:00:01]} Rh2+ {[%emt 0:00:10]} 22. Kd3 {[%emt 0:00:20]} Re8 {[%emt 0:00:09]} 23. Qf3 {[%emt 0:00:06]} Qh4 {[%emt 0:00:29]} 24. Qf4 {[%emt 0:00:06]} Qh8 {[%emt 0:00:11]} 25. Rf3 {[%emt 0:00:08]} Kb8 {[%emt 0:00:07]} 26. Bd2 {[%emt 0:00:04]} Qh7+ {[%emt 0:00:16]} 27. Qf5 {[%emt 0:00:02]} Qg8 {[%emt 0:00:06]} 28. Raf1 {[%emt 0:00:06]} a5 {[%emt 0:00:04]} 29. Qf4 {[%emt 0:00:03]} Qg6+ {[%emt 0:00:05]} 30. e4 {[%emt 0:00:04]} Qg2 {[%emt 0:00:02]} 31. Rg3 {[%emt 0:00:06]} Qe2+ {[%emt 0:00:02]} 32. Kc3 {[%emt 0:00:02]} a4 {[%emt 0:00:01]} 33. Qe3 {[%emt 0:00:03]} Ba5+ {[%emt 0:00:01]} 34. b4 {[%emt 0:00:00]} Qxe3+ {[%emt 0:00:02]} 35. Bxe3 {[%emt 0:00:01]} Bb6 {[%emt 0:00:00]} 36. c5 {[%emt 0:00:01] Time '} 1-0

[Event "Stay Safe Play From Home 219"]
[Site "T#646719Emanuel Laske"]
[Date "2020.06.11"]
[Round "9"]
[White "Dukic"]
[Black "Klasman"]
[Result "1-0"]
[WhiteElo "1838"]
[BlackElo "1609"]
[Annotator "NA RC"]
[PlyCount "73"]
[EventDate "2020.06.11"]
[EventType "swiss (blitz)"]

1. c4 {[%emt 0:00:03]} f5 {[%emt 0:00:01]} 2. Nc3 {[%emt 0:00:01]} Nf6 {[%emt 0:00:01]} 3. g3 {[%emt 0:00:02]} e6 {[%emt 0:00:01]} 4. Bg2 {[%emt 0:00:01]} c6 {[%emt 0:00:02]} 5. d3 {[%emt 0:00:02]} Bb4 {[%emt 0:00:01]} 6. a3 {[%emt 0:00:04]} Bxc3+ {[%emt 0:00:02]} 7. bxc3 {[%emt 0:00:01]} d5 {[%emt 0:00:01]} 8. cxd5 {[%emt 0:00:04]} cxd5 {[%emt 0:00:02]} 9. Nf3 {[%emt 0:00:03]} Nc6 {[%emt 0:00:02]} 10. a4 {[%emt 0:00:01]} Bd7 {[%emt 0:00:02]} 11. Ba3 {[%emt 0:00:01]} Qa5 {[%emt 0:00:05]} 12. Qb3 {[%emt 0:00:06]} Qb6 {[%emt 0:00:15]} 13. Qc2 {[%emt 0:00:04]} Ng4 {[%emt 0:00:02]} 14. O-O {[%emt 0:00:02]} Nce5 {[%emt 0:00:07]} 15. Nd4 {[%emt 0:00:04]} Rc8 {[%emt 0:00:09]} 16. Rfb1 {[%emt 0:00:11]} Bc6 {[%emt 0:00:08]} 17. Rxb6 {[%emt 0:00:03]} axb6 {[%emt 0:00:01]} 18. h3 {[%emt 0:00:05]} Nf6 {[%emt 0:00:05]} 19. Nxe6 {[%emt 0:00:01]} Kf7 {[%emt 0:00:03]} 20. Nd4 {[%emt 0:00:03]} Rhe8 {[%emt 0:00:05]} 21. Nxf5 {[%emt 0:00:02]} Ra8 {[%emt 0:00:06]} 22. Nd6+ {[%emt 0:00:01]} Ke6 {[%emt 0:00:03]} 23. Nxe8 {[%emt 0:00:01]} Nxe8 {[%emt 0:00:01]} 24. Bb4 {[%emt 0:00:03]} b5 {[%emt 0:00:03]} 25. axb5 {[%emt 0:00:02]} Rxa1+ {[%emt 0:00:04]} 26. Kh2 {[%emt 0:00:02]} Bxb5 {[%emt 0:00:02]} 27. Qb2 {[%emt 0:00:03]} Ra6 {[%emt 0:00:11]} 28. f4 {[%emt 0:00:05]} Nc6 {[%emt 0:00:07]} 29. Bc5 {[%emt 0:00:01]} Nc7 {[%emt 0:00:16]} 30. g4 {[%emt 0:00:11]} Ne7 {[%emt 0:00:15]} 31. Bd4 {[%emt 0:00:13]} Ng6 {[%emt 0:00:06]} 32. Kg3 {[%emt 0:00:02]} Bc6 {[%emt 0:00:05]} 33. f5+ {[%emt 0:00:02]} Kf7 {[%emt 0:00:03]} 34. fxg6+ {[%emt 0:00:01]} hxg6 {[%emt 0:00:01]} 35. e4 {[%emt 0:00:03]} dxe4 {[%emt 0:00:15]} 36. Bxe4 {[%emt 0:00:01]} Bxe4 {[%emt 0:00:03]} 37. dxe4 {[%emt 0:00:01] Time (Lag: Av=0.44s, max=3.1s)} 1-0

[Event "Stay Safe Play From Home 219"]
[Site "T#646719Emanuel Laske"]
[Date "2020.06.11"]
[Round "9"]
[White "Timbre"]
[Black "Indianquant"]
[Result "0-1"]
[WhiteElo "1677"]
[BlackElo "2331"]
[Annotator "TA"]
[PlyCount "90"]
[EventDate "2020.06.11"]
[EventType "swiss (blitz)"]

{[%evp 9,90,-7,-9,-20,-12,-30,-20,-43,-23,-59,-50,-111,-112,-121,-102,-158,-35,-93,-97,-88,-84,-85,-45,-87,-63,-88,-58,-114,-64,-116,-88,-119,-42,-91,-44,-94,-80,-122,-119,-247,-243,-289,-230,-273,-151,-213,-172,-319,-261,-350,-341,-372,-362,-532,-525,-532,-400,-683,-587,-597,-474,-808,-465,-968,-661,-801,-802,-1273,-1248,-1212,-997,-2565,-1996,-9093,-1301,-6237,-1206,-29990,-29991,-29996,-29997,-29997,-29998]} 1. d4 Nf6 2. Nf3 e6 3. c3 b6 4. Bg5 Bb7 {[#]} 5. Bxf6 $146 ({Predecessor:} 5. Nbd2 Be7 6. e3 c5 7. Bd3 cxd4 8. cxd4 d6 9. Qa4+ {½-½ (9) Turner,M (2517)-Gormally,D (2498) Edinburgh 2019}) 5... Qxf6 6. e3 {A46: 1 d4 Nf6 2 Nf3 e6: Torre, London and Colle Systems.} g5 7. h3 h5 8. Ne5 {The position is equal.} d6 9. Nd3 Nd7 10. Be2 (10. Nd2 $15) 10... Bxg2 $17 11. Rg1 Bxh3 12. Bxh5 ({White should try} 12. Qa4) 12... O-O-O (12... Bf5 $17 {aiming for ...Bxd3.} 13. Bg4 Bg6) 13. Bg4 (13. Be2 $15) 13... Bxg4 14. Qxg4 Be7 15. Nd2 Qf5 16. Qe2 Kb7 17. O-O-O Nb8 18. Nb4 ({Better is} 18. e4 $15 Qh7 19. Kc2) 18... a5 19. Nc2 (19. e4 $15 Qg6 20. Nc2) 19... d5 20. e4 {[#]} Qf6 (20... dxe4 $1 $17 21. Rde1 Rh2 22. Qxe4+ Qxe4 23. Nxe4 {[#]} g4 $1 {[%mdl 512]}) 21. a3 Rh4 22. e5 Qf4 (22... Qh6 {looks sharper.} 23. Rg3 Rh1 24. Rdg1 Rh8 25. Nf3 Rxg1+ 26. Rxg1 Qh5) 23. Qe3 Rdh8 24. Qxf4 {Loses the game.} (24. Rg3 $17) 24... Rxf4 $19 ({Weaker is} 24... gxf4 25. Ne1 $15) 25. Rgf1 a4 26. Ne3 Nc6 (26... Rh2 $19 {Hoping for ...c5.} 27. Rg1 c5 28. dxc5 Bxc5 29. Rxg5 Rhxf2) 27. Kb1 (27. Ng2 $17 {might work better.} Rg4 28. Ne3) 27... Na5 28. Ka2 (28. Ng2 $142 Rg4 29. Ne3) 28... c5 29. dxc5 bxc5 {[%cal Bb6c5,Bc5c4][%mdl 32]} ({Resist} 29... Bxc5 30. Ng2 $19) 30. Rde1 Kc6 31. Rc1 (31. Ng2 $142 Rf5 32. Re3) 31... Rh2 32. Nd1 g4 33. Kb1 (33. Rg1 $142) 33... Bg5 34. Rc2 c4 35. Ka2 (35. Rg1 $142 Nb3 36. Nf1) 35... Kc7 36. Rc1 (36. Rg1 $142 Nc6 37. Nf1) 36... Nc6 37. Rc2 Nxe5 38. Rc1 Nd3 {[%mdl 64] Double Attack} 39. Rc2 Rf5 40. Nb1 Nc1+ 41. Ka1 Nb3+ 42. Ka2 {[#]} g3 $1 43. Ne3 (43. fxg3 Rxc2) 43... Bxe3 {Black mates.} 44. fxe3 Rxf1 45. Rxh2 gxh2 {Accuracy: White = 16%, Black = 57%.} 0-1

[Event "Stay Safe Play From Home 219"]
[Site "T#646719Emanuel Laske"]
[Date "2020.06.11"]
[Round "9"]
[White "Germanicus G"]
[Black "Fingerfehler1"]
[Result "0-1"]
[WhiteElo "1558"]
[BlackElo "1637"]
[Annotator "NA RC"]
[PlyCount "78"]
[EventDate "2020.06.11"]
[EventType "swiss (blitz)"]

1. Nf3 {[%emt 0:00:02]} d5 {[%emt 0:00:01]} 2. d4 {[%emt 0:00:02]} c5 {[%emt 0:00:02]} 3. dxc5 {[%emt 0:00:02]} Nc6 {[%emt 0:00:01]} 4. c3 {[%emt 0:00:01]} e5 {[%emt 0:00:04]} 5. e3 {[%emt 0:00:03]} Bxc5 {[%emt 0:00:03]} 6. Bb5 {[%emt 0:00:03]} f6 {[%emt 0:00:07]} 7. Nxe5 {[%emt 0:00:11]} fxe5 {[%emt 0:00:08]} 8. Qh5+ {[%emt 0:00:02]} Kf8 {[%emt 0:00:05]} 9. Bxc6 {[%emt 0:00:09]} bxc6 {[%emt 0:00:01]} 10. Qxe5 {[%emt 0:00:01]} Nf6 {[%emt 0:00:05]} 11. Nd2 {[%emt 0:00:14]} Qd6 {[%emt 0:00:06]} 12. Qg5 {[%emt 0:00:07]} h6 {[%emt 0:00:02]} 13. Qg6 {[%emt 0:00:06]} Ng4 {[%emt 0:00:11]} 14. Qxd6+ {[%emt 0:00:06]} Bxd6 {[%emt 0:00:00]} 15. h3 {[%emt 0:00:01]} Ne5 {[%emt 0:00:02]} 16. O-O {[%emt 0:00:03]} Nd3 {[%emt 0:00:01]} 17. e4 {[%emt 0:00:04]} dxe4 {[%emt 0:00:03]} 18. Nxe4 {[%emt 0:00:02]} Bc7 {[%emt 0:00:05]} 19. b3 {[%emt 0:00:20]} Nxc1 {[%emt 0:00:01]} 20. Raxc1 {[%emt 0:00:02]} Ba6 {[%emt 0:00:03]} 21. c4 {[%emt 0:00:02]} Re8 {[%emt 0:00:02]} 22. Rfe1 {[%emt 0:00:06]} Kf7 {[%emt 0:00:09]} 23. f3 {[%emt 0:00:04]} Rhf8 {[%emt 0:00:09]} 24. Kf2 {[%emt 0:00:05]} Kg8 {[%emt 0:00:05]} 25. Rcd1 {[%emt 0:00:02]} c5 {[%emt 0:00:08]} 26. Rd7 {[%emt 0:00:11]} Bb6 {[%emt 0:00:07]} 27. Re3 {[%emt 0:00:05]} Bc8 {[%emt 0:00:06]} 28. Rd6 {[%emt 0:00:04]} Bb7 {[%emt 0:00:02]} 29. Nc3 {[%emt 0:00:12]} Rxe3 {[%emt 0:00:02]} 30. Kxe3 {[%emt 0:00:01]} Re8+ {[%emt 0:00:02]} 31. Kf2 {[%emt 0:00:03]} Rd8 {[%emt 0:00:03]} 32. Re6 {[%emt 0:00:07]} Kf7 {[%emt 0:00:02]} 33. Re2 {[%emt 0:00:02]} Rd3 {[%emt 0:00:03]} 34. Na4 {[%emt 0:00:02]} Bc6 {[%emt 0:00:04]} 35. Nb2 {[%emt 0:00:02]} Rd4 {[%emt 0:00:06]} 36. Ke3 {[%emt 0:00:04]} Rd6 {[%emt 0:00:02]} 37. Rd2 {[%emt 0:00:02]} Rxd2 {[%emt 0:00:01]} 38. Kxd2 {[%emt 0:00:01]} Ke6 {[%emt 0:00:01]} 39. Nd3 {[%emt 0:00:01]} g5 {[%emt 0:00:02] Zeit (Lag: Av=0.52s, max=0.7s)} 0-1

[Event "Stay Safe Play From Home 219"]
[Site "T#646719Emanuel Laske"]
[Date "2020.06.11"]
[Round "9"]
[White "Matze69"]
[Black "Weltszmerc"]
[Result "0-1"]
[WhiteElo "1320"]
[BlackElo "2137"]
[Annotator "NA RC"]
[PlyCount "32"]
[EventDate "2020.06.11"]
[EventType "swiss (blitz)"]

1. e4 {[%emt 0:00:02]} Nf6 {[%emt 0:00:00]} 2. Nc3 {[%emt 0:00:05]} d5 {[%emt 0:00:01]} 3. exd5 {[%emt 0:00:03]} Nxd5 {[%emt 0:00:01]} 4. Nxd5 {[%emt 0:00:06]} Qxd5 {[%emt 0:00:00]} 5. d4 {[%emt 0:00:03]} c5 {[%emt 0:00:04]} 6. Nf3 {[%emt 0:00:06]} Nc6 {[%emt 0:00:02]} 7. c4 {[%emt 0:00:05]} Qe6+ {[%emt 0:00:01]} 8. Be2 {[%emt 0:00:06]} Nxd4 {[%emt 0:00:02]} 9. Nxd4 {[%emt 0:00:04]} cxd4 {[%emt 0:00:00]} 10. Qxd4 {[%emt 0:00:02]} Bd7 {[%emt 0:00:01]} 11. O-O {[%emt 0:00:03]} Qxe2 {[%emt 0:00:02]} 12. Bg5 {[%emt 0:00:08]} Bc6 {[%emt 0:00:01]} 13. Rfe1 {[%emt 0:00:03]} Qh5 {[%emt 0:00:03]} 14. Qe5 {[%emt 0:00:10]} f6 {[%emt 0:00:03]} 15. Bxf6 {[%emt 0:00:13]} Qg6 {[%emt 0:00:03]} 16. Bxe7 {[%emt 0:00:10]} Qxg2# {[%emt 0:00:01] (Lag: Av=1.20s, max=2.3s)} 0-1